000 01988nam0a2200313 4500
001 RU\NLR\BIBL_A\011456210
005 20260407063646.0
010 _a9785441400572
_9130
021 _aRU
_b2017-53325
_93804
035 _a(RuMoRGB)008941022
035 _a(NLR Aleph) 011456210
090 _a11778394
_c11778394
100 _a20170815d2017 u y0rusy50 ca
101 0 _arus
102 _aRU
105 _ay j 000zy
200 1 _aСоциальное образование
_eучебное пособие по направлению подготовки 51.04.03 "Социально-культурная деятельность" (уровень магистратура)
_fЛ. Г. Гуслякова, Г. В. Говорухина, С. И. Григорьев
_gФедеральное государственное бюджетное образовательное учреждение высшего образования "Алтайский государственный институт культуры", Кафедра менеджмента информационных ресурсов и социальной работы
210 _aБарнаул
_cИзд-во Алтайского государственного института культуры
_d2017
215 _a201 с.
_d20
320 _aБиблиогр. в конце разд.
606 1 _aСоциальное образование
_jУчебные издания для высших учебных заведений
_92580778
_3RU\NLR\AUTH\661525679
686 1 _aЧ489.1я73
700 1 _aГуслякова
_bЛ. Г.
_gЛюдмила Герасимовна
701 1 _aГоворухина
_bГ. В.
_gГалина Владимировна
701 1 _7ca
_8rus
_aГригорьев
_bС. И.
_cд-р социол. наук
_f1948-
_gСвятослав Иванович
_9123469
_3RU\NLR\AUTH\7713787
942 _cBOOK
980 _aNBR